00471cam a2200181ua 450000100060000000800390000604000090004504100120005404100080006608200120007424500230008625000090010926000460011830000160016450000640018065300160024470000290026011781190318n II |||gr||||Z||||||eng aMAIN aEnglish aeng a510 SWA aINTEGRAL EQUATIONS a7TH. aMEERUTbKRISHNA PRAKASHAN MANDIRc1994.95 a161:c20CM. aDonated by Paran Bhuyan, Melachakar, Sibsagar on 11.03.2019 aMathematics aSWARUP, SHANTI,eAUTHOR.